000 00963nmc a2200301 a 4500
003 AR-BaBNM
005 20251128205121.0
008 011101s1995 ||||||||||||||000 | spa||
020 _a950-550-171-4
040 _cAR-BaBNM
100 1 _aPasquali, Luis
245 1 0 _aBiología para docentes
_baprender para enseñar : Educación General Básica 3er ciclo. 1
250 _a1ª ed.
260 _aBuenos Aires
_bMagisterio del Río de la Plata
_c1995
300 _a175 p.
_bil., gráfs., tablas
490 0 _aRespuestas educativas. Biología
500 _aIndice primera parte p. 90-92
500 _aIndice segunda parte p. 169
650 4 _aENSENANZA DE LA BIOLOGIA
650 4 _aACTIVIDADES DE APRENDIZAJE
650 4 _aAUTOEVALUACION
650 4 _aEXPERIMENTOS CIENTIFICOS
650 4 _aINVESTIGACION CIENTIFICA
653 _aEDUCACION GENERAL BASICA
800 1 _aInduni de Erramuspe, Cecilia
_ecoordinador
942 _cBK
998 _cSILVI
999 _c10054
_d10054